000 00676nas a2200241 4500
001 BR0003116
003 BR-BrBNA
005 20231205101918.0
007 ta
008 230509b bl.|||p| |||| 00| 00por d
040 _aBR-BrBNA
_bpor
_cBiblioteca Nacional de Agricultura
041 _a(Pt)
072 _aL73
100 1 _aLobato, F.C.F.
100 1 _aAssis, R.A. de
245 1 _aControle e profilaxia das clostridioses
650 _aBacteria
650 _aVacina
650 _aProfilaxia
773 0 _tHora Veterinaria (Brazil)
_xISSN 0101-9163
_g(Jan-Feb 2000), v. 19(113) p. 29-33
_wBR0003116
909 _a202311
_bLúcia
_c55
_dLúcia Elande
942 _2AGRIS
_n0
_cANA
999 _c164667
_d164667